[Event "Ì15Ï"]
[Site "Loo"]
[Date "2017.04.26"]
[Round "7.21"]
[White "Áàëàøîâ, Åãîð."]
[Black "Ãàðèôçÿíîâ, Íèÿç."]
[Result "1/2-1/2"]
[WhiteElo "1729"]
[BlackElo "1874"]
[PlyCount "83"]
[EventDate "2017.04.20"]

1. d4 Nf6 2. Nf3 e6 3. e3 c5 4. Bd3 b6 5. O-O Bb7 6. c4 Be7 7. Nc3 cxd4 8. exd4
d5 9. cxd5 Nxd5 10. Ne5 O-O 11. Qh5 Nf6 12. Qh4 Ne4 13. Qh3 Qxd4 14. Bf4 Nf6
15. Ne2 Qd8 16. Rfd1 Bd5 17. Nc3 a6 18. Nxd5 exd5 19. Bf5 Ra7 20. Rd3 g6 21.
Bh6 Bd6 22. Bxf8 Kxf8 23. Qh6+ Kg8 24. Ng4 Nxg4 25. Bxg4 d4 26. Re1 Nc6 27. Rh3
f5 28. Bxf5 gxf5 29. Rg3+ Bxg3 30. hxg3 Qd7 31. Re6 Rc7 32. Qg5+ Qg7 33. Qxf5
Ne7 34. Qf4 Ng6 35. Re8+ Nf8 36. Rxf8+ Qxf8 37. Qxc7 Qf6 38. Qc8+ Kg7 39. Qxa6
Qc6 40. Qa7+ Kg6 41. Qe7 d3 42. Qd8 1/2-1/2

[Event "Ì15Ï"]
[Site "Loo"]
[Date "2017.04.26"]
[Round "7.22"]
[White "Ñîëîäÿíêèí, Òèìîôåé."]
[Black "ßäèãàðîâ, Àéâàç."]
[Result "1/2-1/2"]
[WhiteElo "1867"]
[BlackElo "1699"]
[PlyCount "80"]
[EventDate "2017.04.20"]

1. d4 Nf6 2. c4 g6 3. Nc3 Bg7 4. e4 d6 5. Nf3 O-O 6. Be2 e5 7. O-O Nbd7 8. d5
a5 9. Ne1 Nc5 10. Qc2 Ne8 11. Be3 b6 12. Rb1 f5 13. f3 Nf6 14. a3 fxe4 15. fxe4
Ng4 16. Rxf8+ Qxf8 17. Bxg4 Bxg4 18. b4 axb4 19. axb4 Na6 20. Qd2 h6 21. Nd3
Kh7 22. Ra1 Qc8 23. Qa2 c5 24. dxc6 Nc7 25. Qb2 Rb8 26. Nd5 Na8 27. b5 Be6 28.
Rxa8 Rxa8 29. Nxb6 Qb8 30. Nxa8 Qxa8 31. b6 Qxc6 32. b7 Qxe4 33. b8=Q Qxe3+ 34.
Qf2 Qxd3 35. Qc7 Bxc4 36. h3 Kh8 37. Qfa7 Qf1+ 38. Kh2 Qf4+ 39. Kg1 Qf1+ 40.
Kh2 Qf4+ 1/2-1/2

[Event "Ì15Ï"]
[Site "Loo"]
[Date "2017.04.26"]
[Round "7.23"]
[White "Áîíäàðåíêî, Àðò¸ì."]
[Black "Äîí, Àëåêñàíäð."]
[Result "0-1"]
[WhiteElo "1720"]
[BlackElo "1836"]
[PlyCount "58"]
[EventDate "2017.04.20"]

1. e4 c5 2. Nf3 e6 3. d4 cxd4 4. Nxd4 Qb6 5. Nc3 Bc5 6. Na4 Qa5+ 7. c3 Bxd4 8.
Qxd4 Nf6 9. Nc5 Nc6 10. Qe3 d5 11. Qg3 O-O 12. Nb3 Qa4 13. Nc5 Qa5 14. e5 Nh5
15. Qg4 Qxc5 16. Qxh5 d4 17. Bd2 Nxe5 18. Qh4 dxc3 19. Bxc3 Ng6 20. Qg3 e5 21.
h4 h6 22. h5 Nf4 23. Bd2 Bf5 24. Rc1 Qd5 25. a3 Rfd8 26. Bc3 Qe4+ 27. Qe3 Nxg2+
28. Bxg2 Qxg2 29. Rf1 Bd3 0-1

[Event "Ì15Ï"]
[Site "Loo"]
[Date "2017.04.26"]
[Round "7.24"]
[White "Ñàäîâíèêîâ, Êîíñòàíòèí."]
[Black "Ðîëüãåéçåð, Ìàðòèí."]
[Result "0-1"]
[WhiteElo "1826"]
[BlackElo "1694"]
[PlyCount "114"]
[EventDate "2017.04.20"]

1. e4 e5 2. Nc3 Nc6 3. Bc4 Nf6 4. d3 h6 5. f4 d6 6. Nf3 Bg4 7. h3 Bxf3 8. Qxf3
Be7 9. O-O O-O 10. f5 Nd4 11. Qf2 c6 12. Bb3 d5 13. exd5 cxd5 14. Qg3 Re8 15.
Bxh6 Nh5 16. Qg4 Nxb3 17. axb3 Qb6+ 18. Kh1 Qxh6 19. Nxd5 Nf6 20. Qc4 Nxd5 21.
Qxd5 Qb6 22. Qxe5 Bf6 23. Qa5 Qc6 24. Qd2 Bxb2 25. Ra4 Bf6 26. Rc4 Qd6 27. Qb4
Qd7 28. Re4 Rxe4 29. Qxe4 Re8 30. Qf3 Qc7 31. Qd1 Qc3 32. Kh2 Qe5+ 33. Kh1 Qg3
34. Qf3 Qxf3 35. Rxf3 Re1+ 36. Kh2 Be5+ 37. g3 Re2+ 38. Kh1 Rxc2 39. Re3 f6 40.
d4 Bxd4 41. Re7 b5 42. Rd7 Bb6 43. Rd3 b4 44. Rd1 Rc3 45. Rb1 Rxg3 46. Kh2 Bc7
47. Kh1 Rxh3+ 48. Kg2 Rh5 49. Rc1 Rg5+ 50. Kh3 Be5 51. Rc4 Rg3+ 52. Kh4 Rxb3
53. Kh5 a5 54. Rc8+ Kh7 55. Kh4 Rg3 56. Ra8 b3 57. Rxa5 Rg1 0-1

[Event "Ì15Ï"]
[Site "Loo"]
[Date "2017.04.26"]
[Round "7.25"]
[White "Àíèñèìîâ, Àðòåì."]
[Black "ßðîø, Ðóñëàí."]
[Result "0-1"]
[WhiteElo "1683"]
[BlackElo "1814"]
[PlyCount "114"]
[EventDate "2017.04.20"]

1. Nf3 Nf6 2. c4 g6 3. b3 Bg7 4. Bb2 O-O 5. e3 d6 6. d3 b6 7. Nbd2 Bb7 8. Be2
e5 9. O-O Nbd7 10. Rc1 h6 11. b4 a5 12. a3 Nh7 13. Qb3 Kh8 14. d4 axb4 15. axb4
e4 16. Ne1 Rb8 17. f3 exf3 18. Ndxf3 f5 19. d5 Bxb2 20. Qxb2+ Qf6 21. Qxf6+
Ndxf6 22. Nd4 Ng5 23. Nd3 Rbe8 24. h4 Nge4 25. Ne6 Re7 26. Bf3 Bc8 27. Nd4 Ng3
28. Rfe1 g5 29. hxg5 hxg5 30. Kf2 Nge4+ 31. Kg1 Ng3 32. Kf2 Nge4+ 33. Kg1 Kg7
34. Nf2 Kg6 35. Nxe4 Nxe4 36. Bxe4 Rxe4 37. Rc3 Rfe8 38. Kf2 f4 39. Nc2 Bf5 40.
Nd4 fxe3+ 41. Rexe3 Rf4+ 42. Nf3 Rxe3 43. Kxe3 Re4+ 44. Kf2 g4 45. Nh4+ Kg5 46.
Nxf5 Kxf5 47. Kg3 Ke5 48. Kh4 Kd4 49. Rg3 Kxc4 50. Rxg4 Kxd5 51. b5 Rxg4+ 52.
Kxg4 Ke4 53. Kg3 Ke3 54. Kg4 d5 55. Kf5 d4 56. g4 d3 57. g5 d2 0-1

[Event "Ì15Ï"]
[Site "Loo"]
[Date "2017.04.26"]
[Round "7.26"]
[White "Ïðèøèáèëîâè÷, Ìàòâåé."]
[Black "Âëàñîâ, Àëåêñàíäð."]
[Result "0-1"]
[WhiteElo "1664"]
[BlackElo "1808"]
[PlyCount "58"]
[EventDate "2017.04.20"]

1. d4 e6 2. c4 b6 3. Nc3 Bb7 4. e4 Bb4 5. d5 Nf6 6. Bd3 Bxc3+ 7. bxc3 d6 8. Ne2
Nbd7 9. O-O e5 10. Ng3 O-O 11. Nf5 Nc5 12. Re1 Bc8 13. Bg5 h6 14. Bh4 Kh8 15.
Bxf6 Qxf6 16. Ng3 a5 17. a4 Bd7 18. Bc2 Rae8 19. h3 g6 20. Nf1 Qg7 21. f3 f5
22. exf5 gxf5 23. Ne3 f4 24. Ng4 h5 25. Nf2 Rg8 26. Kf1 Qxg2+ 27. Ke2 Rg3 28.
Be4 Nxe4 29. fxe4 Re3+ 0-1

[Event "Ì15Ï"]
[Site "Loo"]
[Date "2017.04.26"]
[Round "7.27"]
[White "Çàêèðîâ, Àðòóð."]
[Black "Êóìàêîâ, Èâàí."]
[Result "1-0"]
[WhiteElo "1619"]
[BlackElo "1783"]
[PlyCount "87"]
[EventDate "2017.04.20"]

1. e4 c6 2. d4 d5 3. Nd2 g6 4. Ngf3 Bg4 5. c3 Bg7 6. Qb3 Qd7 7. Bd3 Bxf3 8.
Nxf3 e6 9. O-O Ne7 10. Bf4 O-O 11. a4 dxe4 12. Bxe4 Nd5 13. Ne5 Qc8 14. Bg3 Nd7
15. Nc4 b6 16. Nd6 Qd8 17. c4 Ne7 18. Rfd1 Nf6 19. Bf3 Qd7 20. a5 Ne8 21. Nxe8
Rfxe8 22. axb6 axb6 23. Rxa8 Rxa8 24. Qxb6 Rc8 25. b4 Nf5 26. Be5 Nh4 27. Bxg7
Nxf3+ 28. gxf3 Kxg7 29. Ra1 Rc7 30. Ra8 Rb7 31. Qc5 Qc7 32. Qf8+ Kf6 33. Qh8+
Kg5 34. Ra5+ f5 35. Re5 Qd6 36. c5 Qd7 37. Re3 Rxb4 38. f4+ Kh5 39. Qf6 Rb1+
40. Kg2 Qd5+ 41. Kh3 Kh6 42. Qf8+ Kh5 43. Qg7 h6 44. Qf6 1-0

[Event "Ì15Ï"]
[Site "Loo"]
[Date "2017.04.26"]
[Round "7.28"]
[White "Áîêòàåâ, Àäüÿí."]
[Black "Ãàãëàçîâ, Ìèõàèë."]
[Result "1-0"]
[WhiteElo "1759"]
[BlackElo "1550"]
[PlyCount "53"]
[EventDate "2017.04.20"]

1. d4 Nf6 2. c4 e6 3. Nc3 Bb4 4. Bd2 b6 5. Nf3 Bb7 6. e3 O-O 7. Bd3 Bxc3 8.
Bxc3 Ne4 9. Bb4 d6 10. Qc2 f5 11. O-O-O a5 12. Bc3 Na6 13. Qe2 Nb4 14. Bb1 Qd7
15. a3 Na6 16. Bxe4 Bxe4 17. Ng5 Bb7 18. d5 e5 19. f4 e4 20. Qh5 g6 21. Qh6 Nc5
22. h4 Nd3+ 23. Rxd3 exd3 24. h5 gxh5 25. Rxh5 Rae8 26. Qg6+ hxg6 27. Rh8# 1-0

[Event "Ì15Ï"]
[Site "Loo"]
[Date "2017.04.26"]
[Round "7.29"]
[White "Íîâèêîâ, Àëåêñåé."]
[Black "Êîíîâàëîâ, Àëåêñåé."]
[Result "1-0"]
[WhiteElo "1927"]
[BlackElo "1581"]
[PlyCount "131"]
[EventDate "2017.04.20"]

1. e4 c5 2. Nf3 Nc6 3. d4 cxd4 4. Nxd4 Nf6 5. Nc3 e5 6. Ndb5 d6 7. Bg5 a6 8.
Na3 b5 9. Nd5 Be7 10. Bxf6 Bxf6 11. c3 O-O 12. Nc2 Bg5 13. h4 Bh6 14. g4 Bf4
15. Qf3 Bb7 16. g5 Ne7 17. Nxf4 exf4 18. Qxf4 f5 19. gxf6 Rxf6 20. Qe3 Ng6 21.
Bg2 Ne5 22. Qg3 Rg6 23. Qh3 Qf6 24. O-O-O Bc8 25. Qh2 Qxf2 26. Rhf1 Qxg2 27.
Qxe5 Qxf1 28. Qd5+ Qf7 29. Qxa8 Qb7 30. Qxb7 Bxb7 31. e5 d5 32. Nb4 Re6 33. Re1
Kf7 34. Nd3 Rc6 35. Kd2 Rc4 36. Rf1+ Ke7 37. Rf4 Bc8 38. Ke3 Ke6 39. Rd4 h6 40.
Kf4 a5 41. Rxc4 dxc4 42. Nc5+ Kd5 43. Ne4 Bh3 44. h5 b4 45. Nd6 b3 46. a3 Bf1
47. Nf5 Be2 48. Nxg7 Bd3 49. Nf5 Be2 50. Ng3 Bd3 51. a4 Ke6 52. Ne4 Be2 53. Nd6
Bxh5 54. Nxc4 Be8 55. Nxa5 Bxa4 56. Nc4 Bb5 57. Nd2 Ba4 58. Nf3 Kd5 59. Nd4 Kc4
60. e6 Kd3 61. e7 Be8 62. Nxb3 Kc2 63. Na5 Kxb2 64. c4 Kc3 65. c5 Kb4 66. c6
1-0

[Event "Ì15Ï"]
[Site "Loo"]
[Date "2017.04.26"]
[Round "7.30"]
[White "Æóðàâëåâ, Èãíàò."]
[Black "Êîðîëåâ, Êèðèëë."]
[Result "0-1"]
[WhiteElo "1638"]
[BlackElo "1854"]
[PlyCount "80"]
[EventDate "2017.04.20"]

1. e4 g6 2. d4 Bg7 3. Nc3 d6 4. h3 a6 5. a4 Nf6 6. Nf3 O-O 7. Be3 Nc6 8. Be2 e5
9. dxe5 dxe5 10. O-O Be6 11. Qxd8 Raxd8 12. Rfd1 h6 13. b3 Nh5 14. Rac1 Nd4 15.
Kf1 c5 16. Rd2 Rd7 17. Rcd1 Rfd8 18. Ke1 Nf4 19. Bxf4 exf4 20. Nb1 f5 21. exf5
Bxf5 22. Nxd4 cxd4 23. Bd3 Bxd3 24. Rxd3 Re7+ 25. Kf1 Rc8 26. R3d2 Rec7 27. Rc1
h5 28. f3 g5 29. Kf2 Kf7 30. Ke2 Re7+ 31. Kf2 Re3 32. Re2 Rxb3 33. Rce1 Re3 34.
Rd2 Rc4 35. a5 Rb4 36. Red1 Ra4 37. Rd3 Rxa5 38. R3d2 Ra2 39. Rc1 a5 40. Rcd1
b5 0-1

[Event "Ì15Ï"]
[Site "Loo"]
[Date "2017.04.26"]
[Round "7.31"]
[White "Ãàëè÷êèí, Èëüÿ."]
[Black "Êîíîòîï, Äàíèèë."]
[Result "1-0"]
[WhiteElo "1851"]
[BlackElo "1620"]
[PlyCount "59"]
[EventDate "2017.04.20"]

1. e4 e5 2. Nf3 Nc6 3. Bb5 a6 4. Ba4 Nf6 5. O-O Nxe4 6. d4 b5 7. Bb3 d5 8. dxe5
Be6 9. Be3 Be7 10. a4 Na5 11. Nd4 Nxb3 12. Nxb3 h6 13. f3 Ng5 14. f4 Ne4 15. f5
Bc8 16. axb5 O-O 17. N1d2 Nxd2 18. Qxd2 f6 19. e6 Bb7 20. Nc5 Bxc5 21. Bxc5 Re8
22. bxa6 Rxa6 23. Rxa6 Bxa6 24. Rf3 Qb8 25. Rb3 Qa8 26. Rg3 Kh7 27. h3 Bc8 28.
Qf4 Qc6 29. Be3 Qxc2 30. Rxg7+ 1-0

[Event "Ì15Ï"]
[Site "Loo"]
[Date "2017.04.26"]
[Round "7.32"]
[White "Áóþêëè, Åãîð."]
[Black "Âèíîêóð, Ëåîíèä."]
[Result "1-0"]
[WhiteElo "1823"]
[BlackElo "1572"]
[PlyCount "52"]
[EventDate "2017.04.20"]

1. d4 Nf6 2. c4 e6 3. Nc3 d5 4. cxd5 exd5 5. Bg5 Nbd7 6. e3 c6 7. Bd3 Be7 8.
Nge2 h6 9. Bh4 O-O 10. O-O Re8 11. f3 c5 12. Bf2 b6 13. e4 dxe4 14. fxe4 cxd4
15. Nxd4 Ne5 16. Bb5 Bd7 17. Bxd7 Qxd7 18. Nf5 Rad8 19. Qb3 Qb7 20. Nxe7+ Rxe7
21. Bh4 Ned7 22. Nd5 Rxe4 23. Nxf6+ Nxf6 24. Bxf6 gxf6 25. Qg3+ Kh8 26. Rxf6
Re2 1-0

[Event "Ì15Ï"]
[Site "Loo"]
[Date "2017.04.26"]
[Round "7.33"]
[White "Äîðîôååâ, Äåíèñ."]
[Black "Áóêàòèí, Àðñåíèé."]
[Result "1-0"]
[WhiteElo "1581"]
[BlackElo "1772"]
[PlyCount "71"]
[EventDate "2017.04.20"]

1. e4 e5 2. Nf3 Nc6 3. Nc3 Nf6 4. Be2 Bc5 5. Nxe5 Nxe5 6. d4 Bxd4 7. Qxd4 Nc6
8. Qd1 d6 9. O-O Qe7 10. Bg5 Be6 11. f4 O-O-O 12. Bf3 Rhg8 13. Re1 h6 14. Nd5
Qf8 15. Nxf6 gxf6 16. Bxf6 Re8 17. c3 Rg6 18. e5 dxe5 19. fxe5 Qc5+ 20. Kh1
Reg8 21. Qd2 Nb8 22. b4 Qb6 23. a4 Nd7 24. Bh4 c6 25. b5 Qc7 26. bxc6 bxc6 27.
Qe2 Nb8 28. Rab1 Bg4 29. Bxg4+ Rxg4 30. Bg3 Rxg3 31. hxg3 Rxg3 32. Qf2 Rg5 33.
Qf4 c5 34. Qf6 Rg8 35. Red1 Nc6 36. Qf5+ 1-0

[Event "Ì15Ï"]
[Site "Loo"]
[Date "2017.04.26"]
[Round "7.34"]
[White "Êàðäîíîâ, Áààòð."]
[Black "Êðàâöîâ, Ìàêñèì."]
[Result "1/2-1/2"]
[WhiteElo "1574"]
[BlackElo "1766"]
[PlyCount "74"]
[EventDate "2017.04.20"]

1. d4 Nf6 2. Nf3 g6 3. c4 Bg7 4. Nc3 O-O 5. e4 d6 6. Be2 e5 7. dxe5 dxe5 8. Bg5
Qxd1+ 9. Rxd1 c6 10. O-O Be6 11. Rd6 Na6 12. Rfd1 Nc5 13. Bxf6 Bxf6 14. b4 Na6
15. a3 Nc7 16. Na4 Be7 17. R6d2 f6 18. Nb2 b6 19. h3 Kg7 20. Rd7 Bxd7 21. Rxd7
Rac8 22. Rxe7+ Rf7 23. Rxf7+ Kxf7 24. Kf1 Ne6 25. Ke1 Rd8 26. Nd3 Ke7 27. Nb2
Rd7 28. g3 Nc7 29. Bd3 a5 30. Kd2 Na6 31. Kc3 axb4+ 32. axb4 c5 33. b5 Nb4 34.
Bb1 Na6 35. Bc2 Nb4 36. Bd3 Na6 37. Bb1 Nb4 1/2-1/2

[Event "Ì15Ï"]
[Site "Loo"]
[Date "2017.04.26"]
[Round "7.35"]
[White "Êëûêîâ, Ãåîðãèé."]
[Black "Ãàâðèëåíêî, Äàíèèë."]
[Result "1/2-1/2"]
[WhiteElo "1737"]
[BlackElo "1546"]
[PlyCount "130"]
[EventDate "2017.04.20"]

1. d4 d5 2. c4 dxc4 3. e3 e6 4. Bxc4 Nf6 5. Nf3 a6 6. O-O c5 7. dxc5 Bxc5 8.
Qc2 Qc7 9. a3 b5 10. Be2 Bb7 11. b4 Bd6 12. Qxc7 Bxc7 13. Bb2 Nbd7 14. Nbd2 O-O
15. Rac1 Rac8 16. Rfd1 Nb6 17. Bxf6 gxf6 18. Nb3 Na4 19. Rd7 Bd5 20. Rdxc7 Rxc7
21. Rxc7 Bxb3 22. Rc6 Ra8 23. Nd4 Bd5 24. Rc2 Nb6 25. Kf1 Bc4 26. Bxc4 Nxc4 27.
a4 e5 28. axb5 exd4 29. Rxc4 dxe3 30. bxa6 Rxa6 31. fxe3 Ra1+ 32. Kf2 Rb1 33.
Kf3 Kg7 34. g4 Kf8 35. Re4 Rb2 36. Kg3 Kg7 37. h4 Kg6 38. Rf4 Rb3 39. Kf3 h5
40. gxh5+ Kxh5 41. Ke2 Kg6 42. Kd2 f5 43. Rc4 Kf6 44. Ke2 Ke5 45. Kf3 Rb2 46.
Rd4 Kf6 47. Rc4 Ke5 48. Rd4 Kf6 49. Rc4 Ke5 50. Kg3 Rb3 51. Kf2 Rb2+ 52. Kf3
Kf6 53. Rc6+ Ke5 54. Rc5+ Kf6 55. Rc6+ Ke5 56. Rc5+ Kf6 57. b5 Rb4 58. Kg3 Rb3
59. Kf4 Rb4+ 60. Kg3 Rb3 61. Rc6+ Ke5 62. Rc5+ Kf6 63. Rc6+ Ke5 64. Rc5+ Kf6
65. Kf3 Rb4 1/2-1/2

[Event "Ì15Ï"]
[Site "Loo"]
[Date "2017.04.26"]
[Round "7.36"]
[White "Òîëñòûõ, Äìèòðèé."]
[Black "Ëèñèìåíêî, Ðóñëàí."]
[Result "0-1"]
[WhiteElo "1569"]
[BlackElo "1733"]
[PlyCount "94"]
[EventDate "2017.04.20"]

1. d4 Nf6 2. c4 g6 3. Nc3 d5 4. Nf3 Bg7 5. Bg5 Ne4 6. cxd5 Nxc3 7. bxc3 Qxd5 8.
Qb3 Qxb3 9. axb3 c5 10. e3 cxd4 11. cxd4 Be6 12. Bb5+ Nd7 13. b4 h6 14. Bf4 O-O
15. Bxd7 Bxd7 16. O-O Rfc8 17. Rfc1 Rxc1+ 18. Rxc1 Rc8 19. Rxc8+ Bxc8 20. Kf1
f5 21. Be5 Bxe5 22. Nxe5 Kg7 23. d5 Kf6 24. f4 b6 25. Nc6 a6 26. Ne5 a5 27. b5
a4 28. Nc6 a3 29. Nb4 Bd7 30. Ke2 Bxb5+ 31. Kd2 Bc4 32. Kc3 b5 33. g3 g5 34.
Nc2 gxf4 35. exf4 a2 36. Kb2 Bxd5 37. Nb4 Bc4 38. Nc6 e6 39. Ne5 Ke7 40. Ka1 h5
41. h3 Kd6 42. g4 fxg4 43. hxg4 hxg4 44. Nxg4 Kd5 45. Nh6 Ke4 46. f5 exf5 47.
Nf7 Bxf7 0-1

[Event "Ì15Ï"]
[Site "Loo"]
[Date "2017.04.26"]
[Round "7.37"]
[White "Äçàãîâ, Êàìáóëàò."]
[Black "Êóçíåöîâ, Ñåðãåé."]
[Result "0-1"]
[WhiteElo "1727"]
[BlackElo "1517"]
[PlyCount "46"]
[EventDate "2017.04.20"]

1. e4 e6 2. Nf3 d5 3. Nc3 c5 4. exd5 exd5 5. d4 c4 6. Ne5 Nf6 7. Bg5 Be7 8. Qf3
Be6 9. h4 Nc6 10. O-O-O a6 11. g3 h6 12. Bxf6 Bxf6 13. Qe3 Bxe5 14. dxe5 d4 15.
Qf3 Qa5 16. Ne4 Qxe5 17. Bh3 Bxh3 18. Rxh3 O-O 19. g4 Rae8 20. Ng3 Qa5 21. Kb1
c3 22. g5 Qb4 23. b3 Qa3 0-1

[Event "Ì15Ï"]
[Site "Loo"]
[Date "2017.04.26"]
[Round "7.38"]
[White "Èâàíîâ, Èëüÿ."]
[Black "Àáäóðàèìîâ, Ýñìåò."]
[Result "0-1"]
[WhiteElo "1498"]
[BlackElo "1720"]
[PlyCount "61"]
[EventDate "2017.04.20"]

1. d4 Nf6 2. c4 c5 3. d5 b5 4. Nc3 bxc4 5. e4 d6 6. Bxc4 Nbd7 7. f4 Nb6 8. Bb5+
Bd7 9. Bxd7+ Nfxd7 10. Nf3 g6 11. O-O Bg7 12. Ng5 h6 13. Ne6 fxe6 14. dxe6 Nf6
15. Nd5 O-O 16. Nxf6+ Rxf6 17. f5 d5 18. Qg4 dxe4 19. Rd1 Qc8 20. Rf1 gxf5 21.
Rxf5 Qxe6 22. Rf4 Qxg4 23. Rxg4 Raf8 24. Be3 Nd5 25. Bxc5 Rf4 26. Rg3 e3 27.
Bxa7 e2 28. Rf3 Rxf3 29. gxf3 Bxb2 30. Re1 Nf4 31. Be3 0-1

[Event "Ì15Ï"]
[Site "Loo"]
[Date "2017.04.26"]
[Round "7.39"]
[White "Ñòÿæêèí, Íèêèòà."]
[Black "Ìàðåâè÷åâ, Åãîð."]
[Result "1/2-1/2"]
[WhiteElo "1703"]
[BlackElo "1488"]
[PlyCount "159"]
[EventDate "2017.04.20"]

1. e4 e5 2. Nf3 Nc6 3. Bb5 Bc5 4. c3 Nf6 5. O-O O-O 6. d4 exd4 7. cxd4 Be7 8.
d5 Nb8 9. e5 Ne8 10. Nc3 d6 11. Bf4 dxe5 12. Nxe5 Nd6 13. Bd3 Nd7 14. Re1 Nf6
15. Qf3 Bf5 16. Rad1 Bxd3 17. Rxd3 Re8 18. h3 Bf8 19. Bg5 Nc4 20. Bxf6 Qxf6 21.
Qxf6 gxf6 22. Rg3+ Bg7 23. Nd3 Rxe1+ 24. Nxe1 Nxb2 25. Ne4 Kf8 26. Rb3 Re8 27.
Nf3 Nc4 28. Ng3 Nd6 29. Rc3 Re7 30. Ra3 a6 31. Rb3 b6 32. a3 Rd7 33. Rd3 Nc4
34. Nd2 Nb2 35. Rb3 Na4 36. Rb4 Nc5 37. Rd4 f5 38. Rf4 Rxd5 39. Nf3 h6 40. a4
Nb7 41. Ne2 Nd6 42. Rb4 Be5 43. g3 Kg7 44. Nh4 Rd1+ 45. Kg2 a5 46. Rb3 Rd2 47.
Kf3 Rc2 48. Ng2 Rc4 49. Ra3 Ne4 50. Ne3 Nd2+ 51. Kg2 Rc5 52. Nxf5+ Kg6 53. Ne3
Bd6 54. Ra2 Nc4 55. Nc2 Ne5 56. Nf4+ Kg7 57. Ne2 Nd3 58. Ne3 Nb4 59. Rb2 Kf6
60. Ng4+ Kg6 61. Ne3 Nd5 62. Nd1 Rc4 63. Rd2 Nf6 64. Nb2 Rb4 65. f3 b5 66. axb5
Rxb5 67. Nc4 Bb4 68. Nf4+ Kg7 69. Rb2 Rc5 70. Ne3 c6 71. Nd3 Rb5 72. Nc2 Bc3
73. Ra2 Nd5 74. Na3 Rb3 75. Nc4 Nb4 76. Nxa5 Nxa2 77. Nxb3 Nb4 78. Nbc5 Nd5 79.
f4 Kf6 80. Kf3 1/2-1/2

[Event "Ì15Ï"]
[Site "Loo"]
[Date "2017.04.26"]
[Round "7.40"]
[White "Ïîíòèñ, Ñòàíèñëàâ."]
[Black "Ëåáåäåâ, Ìàòâåé."]
[Result "1-0"]
[WhiteElo "1693"]
[BlackElo "1189"]
[PlyCount "59"]
[EventDate "2017.04.20"]

1. d4 d5 2. c4 e6 3. Nf3 Nf6 4. g3 Nbd7 5. Bg2 c5 6. O-O dxc4 7. Nbd2 cxd4 8.
Nxc4 Qc7 9. b3 e5 10. Bb2 Bc5 11. Rc1 O-O 12. b4 Bxb4 13. Ncxe5 Qa5 14. Qxd4
Bc5 15. Qc4 Rb8 16. Nxf7 Rxf7 17. Ng5 Bxf2+ 18. Rxf2 Qxg5 19. Rd1 Qc5 20. Qb3
Qb6 21. Qc2 Ng4 22. Bd4 Qg6 23. Be4 Qh6 24. Rxf7 Kxf7 25. Rf1+ Ndf6 26. Qc7+
Bd7 27. Qxd7+ Kg8 28. Qe6+ Kh8 29. Rf4 Re8 30. Qxe8+ 1-0

[Event "Ì15Ï"]
[Site "Loo"]
[Date "2017.04.26"]
[Round "7.41"]
[White "Ìóðòàçèí, Ðàèô."]
[Black "Ãóëèåâ, Ðîìàí."]
[Result "1/2-1/2"]
[WhiteElo "1373"]
[BlackElo "1680"]
[PlyCount "58"]
[EventDate "2017.04.20"]

1. e4 e6 2. d4 d5 3. Nc3 Bb4 4. e5 c5 5. a3 Bxc3+ 6. bxc3 Ne7 7. Qg4 Ng6 8. Bd3
O-O 9. Nf3 c4 10. Bxg6 fxg6 11. h4 Qe8 12. h5 Bd7 13. hxg6 Qxg6 14. Qxg6 hxg6
15. Rb1 b5 16. Ke2 a5 17. Bd2 Nc6 18. Rh4 Ne7 19. a4 Kf7 20. Rbh1 Rg8 21. Ng5+
Ke8 22. Rh8 Kf8 23. Nh7+ Kf7 24. Ng5+ Kf8 25. Nh7+ Kf7 26. Ng5+ Kf8 27. Nh7+
Kf7 28. Ng5+ Kf8 29. Nh7+ Kf7 1/2-1/2

[Event "Ì15Ï"]
[Site "Loo"]
[Date "2017.04.26"]
[Round "7.42"]
[White "Ñòåïàíîâ, Ñåðãåé."]
[Black "Íîâèêîâ, Èâàí."]
[Result "1-0"]
[WhiteElo "1406"]
[BlackElo "1649"]
[PlyCount "135"]
[EventDate "2017.04.20"]

1. e4 c5 2. Nf3 Nc6 3. d4 cxd4 4. Nxd4 g6 5. Be3 Bg7 6. c3 Nf6 7. Nd2 d5 8. Bb5
Bd7 9. Bxc6 bxc6 10. e5 Ng4 11. e6 fxe6 12. Qxg4 e5 13. Ne6 Bf6 14. Nxd8 Bxg4
15. Nxc6 a5 16. b4 axb4 17. Nxb4 d4 18. cxd4 exd4 19. Bf4 e5 20. Nd5 Kf7 21.
Nxf6 Kxf6 22. Bg3 h5 23. f3 Be6 24. Bh4+ Kf5 25. g4+ hxg4 26. fxg4+ Kxg4 27.
Bf6 Rhe8 28. Ke2 Rxa2 29. Rhg1+ Kh5 30. Rg5+ Kh6 31. Rxa2 Bxa2 32. Rxe5 Rxe5+
33. Bxe5 Kh5 34. Bxd4 Kh4 35. Nf3+ Kh3 36. Be5 Kg4 37. Ke3 Bd5 38. Nd2 Kf5 39.
Bg3 g5 40. Nf3 g4 41. Nd4+ Kg5 42. Bf4+ Kh5 43. Kf2 Bb7 44. Kg3 Bc8 45. Be3 Bd7
46. Ne2 Kg6 47. Kh4 Bc8 48. Ng3 Bd7 49. Bg5 Bc8 50. Nh5 Kf5 51. Nf6 Kg6 52.
Nxg4 Bf5 53. Ne5+ Kg7 54. Be7 Bc2 55. Kg5 Bb1 56. h4 Bc2 57. h5 Bb1 58. h6+ Kh7
59. Bf8 Kg8 60. Bg7 Bc2 61. Kf6 Bb3 62. Ke7 Kh7 63. Kf8 Be6 64. Ke7 Bf5 65. Kf8
Be6 66. Nf3 Kg6 67. h7 Kf5 68. h8=Q 1-0

[Event "Ì15Ï"]
[Site "Loo"]
[Date "2017.04.26"]
[Round "7.43"]
[White "Èñìàèëîâ, Àìèð."]
[Black "Äÿòëîâ, Îëåã."]
[Result "1/2-1/2"]
[WhiteElo "1893"]
[BlackElo "1549"]
[PlyCount "94"]
[EventDate "2017.04.20"]

1. d4 f5 2. Nf3 Nf6 3. g3 g6 4. Bg2 Bg7 5. O-O d6 6. c4 O-O 7. Nc3 Qe8 8. b3 c6
9. Bb2 e5 10. dxe5 dxe5 11. Qc2 e4 12. Nd4 Na6 13. a3 Nc7 14. e3 Ne6 15. Nce2
Nc5 16. Rfd1 Nd3 17. Nc1 Nxb2 18. Qxb2 c5 19. Nb5 Nd5 20. Qa2 Nc3 21. Nxc3 Bxc3
22. Rb1 Be6 23. Ne2 Be5 24. Nf4 Bxf4 25. gxf4 Qe7 26. Qb2 Rad8 27. Qe5 Kf7 28.
f3 Rxd1+ 29. Rxd1 Rd8 30. Rxd8 Qxd8 31. Qxc5 Qd1+ 32. Bf1 Qxf3 33. Qc7+ Kf6 34.
Qe5+ Kf7 35. Qc7+ Kf6 36. Qd8+ Kf7 37. Qd4 Qg4+ 38. Bg2 Qe2 39. Bf1 Qg4+ 40.
Bg2 Qe2 41. Qc3 h5 42. h4 Qd1+ 43. Kh2 Qe2 44. Kg1 Qd1+ 45. Kf2 Qg4 46. Qb4
Qxh4+ 47. Kf1 Qe7 1/2-1/2

[Event "Ì15Ï"]
[Site "Loo"]
[Date "2017.04.26"]
[Round "7.44"]
[White "Òðàùåíêî, Äàìèð."]
[Black "Áóðäèí, Øàõðîì."]
[Result "1-0"]
[WhiteElo "1805"]
[BlackElo "1579"]
[PlyCount "53"]
[EventDate "2017.04.20"]

1. e4 e5 2. Nf3 Nc6 3. d4 exd4 4. Nxd4 Bc5 5. Be3 Qf6 6. c3 Nge7 7. Bc4 O-O 8.
O-O Bb6 9. Na3 d6 10. f4 Be6 11. Be2 Rae8 12. g4 Qh4 13. f5 Bd7 14. Nc4 Ne5 15.
Kh1 N7c6 16. Nxb6 axb6 17. Rg1 Kh8 18. Qd2 h6 19. Rg3 Ne7 20. Kg2 N7c6 21. Rh3
Qe7 22. Bxh6 Kg8 23. Bxg7 f6 24. Rh8+ Kf7 25. Qh6 Rxh8 26. Bc4+ Nxc4 27. Qg6+
1-0

[Event "Ì15Ï"]
[Site "Loo"]
[Date "2017.04.26"]
[Round "7.45"]
[White "Äàíçàíäîðæèåâ, Áóëàò."]
[Black "Êðèâè÷, Èëüÿ."]
[Result "1-0"]
[WhiteElo "1754"]
[BlackElo "1546"]
[PlyCount "115"]
[EventDate "2017.04.20"]

1. d4 Nf6 2. c4 c5 3. d5 b5 4. a4 bxc4 5. Nc3 g6 6. e4 d6 7. Bxc4 Bg7 8. Nf3
O-O 9. h3 Na6 10. Bf4 Qb6 11. Qe2 Rb8 12. Rc1 Nc7 13. b3 e5 14. Be3 Nd7 15. Nd2
f5 16. f3 f4 17. Bf2 Ne8 18. Rb1 Qd8 19. Nb5 Qa5 20. O-O a6 21. Na7 Qc7 22. Nc6
Ra8 23. b4 Nb6 24. Bb3 cxb4 25. a5 Nd7 26. Rfc1 Kh8 27. Ba4 Nc5 28. Bxc5 dxc5
29. Rxc5 Qd6 30. Rcc1 g5 31. Nc4 Qf6 32. Nb6 Nc7 33. Nxa8 Nxa8 34. Nxb4 h5 35.
Rc6 Qd8 36. Nxa6 g4 37. hxg4 hxg4 38. fxg4 Qg5 39. Bd1 Kh7 40. Rb8 Bxa6 41. Qb2
f3 42. Rxf8 Qe3+ 43. Qf2 Qxf2+ 44. Kxf2 Bxf8 45. Rxa6 Nc7 46. Rc6 Nb5 47. gxf3
Nd4 48. Rc7+ Kg6 49. a6 Bd6 50. a7 Bxc7 51. a8=Q Nb5 52. Qc6+ Nd6 53. Qxc7 Kf6
54. Qxd6+ Kg7 55. Qxe5+ Kf8 56. d6 Kf7 57. Bb3+ Kf8 58. Qe7# 1-0

[Event "Ì15Ï"]
[Site "Loo"]
[Date "2017.04.26"]
[Round "7.46"]
[White "Áàáàÿí, Àðìàí."]
[Black "Ìàðóñîâ, Àëåêñåé."]
[Result "0-1"]
[WhiteElo "1531"]
[BlackElo "1752"]
[PlyCount "120"]
[EventDate "2017.04.20"]

1. e4 c6 2. d4 d5 3. Nd2 dxe4 4. Nxe4 Bf5 5. Ng3 Bg6 6. Nf3 Nd7 7. Bd3 Bxd3 8.
Qxd3 Ngf6 9. O-O Qc7 10. Re1 e6 11. a3 O-O-O 12. b4 h5 13. Bg5 Bd6 14. Qb3 Bf4
15. Bxf4 Qxf4 16. b5 Qc7 17. bxc6 Qxc6 18. Ng5 Rhf8 19. c4 Nb6 20. c5 Na8 21.
N3e4 Nxe4 22. Nxe4 Rxd4 23. Nd6+ Kb8 24. Rab1 b6 25. Nb5 Rg4 26. f3 Qxc5+ 27.
Kh1 Rc4 28. Red1 Nc7 29. Nd6 Rd4 30. Rxd4 Qxd4 31. Rd1 Qc5 32. Ne4 Qe7 33. Qc3
f5 34. Ng3 h4 35. Ne2 Kb7 36. Nd4 Qc5 37. Qe1 Rd8 38. Nb3 Qe7 39. Nd4 Qxa3 40.
Qxh4 g5 41. Qf2 Qc5 42. Qe3 Nb5 43. Qxe6 Rxd4 44. Re1 Nc7 45. Qf6 Qc3 46. Rg1
Qe3 47. Qxf5 Rc4 48. Qb1 Qd2 49. Rd1 Qc2 50. g3 Qxb1 51. Rxb1 Rc2 52. Rb4 b5
53. Rg4 Rc4 54. Rxg5 b4 55. h4 b3 56. Kg2 b2 57. h5 b1=Q 58. g4 Rc2+ 59. Kg3
Qg1+ 60. Kf4 Qc1+ 0-1